| 000 | 00872cam a2200229 a 4500 | ||
|---|---|---|---|
| 001 | 000006543 | ||
| 005 | 20251202111710.0 | ||
| 008 | 021223s2003 pr ab b 001 0 spa | ||
| 020 | _a0865815771 | ||
| 040 |
_aDO-SdBNP _cDLC _dDLC |
||
| 082 |
_a972.956 _bD259a |
||
| 100 | 1 |
_aDávila, Ovidio. _918173 |
|
| 245 | 1 | 0 |
_aArqueología de la isla de mona / _cOvidio Dávila Dàvila. |
| 260 |
_aSan Juan, Puert Rico : _bInstituto de Cultura Puertorriquena, _c2003. |
||
| 300 |
_axiii, 482 p. : _bil., mapas ; _c26 cm. |
||
| 500 | _aOriginalmente presentado como tesis del autor (doctoral) - Universidad de Valladolid. | ||
| 504 | _aIncluye referencias bibliográficas y notas al pie de las páginas | ||
| 504 | _aBibliografías: p. 229-241. | ||
| 650 | 0 |
_aIndios de las Antillas _91049 |
|
| 650 | 0 |
_aExcavaciones arqueológicas _918174 |
|
| 910 | _aCatalogación por copia / LC | ||
| 999 |
_c6334 _d6334 |
||